00330pab a2200121 454500008004000000100001500040245007200055260000900127300001300136362001100149650001400160773003400174180718b2017 xxu||||| |||| 00| 0 eng d aJohn, Maya aQuasi-magisterial power of 'Madams': an insight into the Noida case c2017 ap.15-17. a29 Jul aDomestics aEconomic and Political Weekly